00297nam a2200133Ia 4500008004100000041000800041082001800049100001100067245003000078260002000108300000800128365001600136700001100152230718s9999 xx 000 0 und d aeng a005.7565bCOX aCox J. aQuick Course In Access 97 c1997bMicrosoft a174 cRs.b670.40 aCox J.